000 01014nam0a22002411 4500
001 rc\2577999
005 20260407105800.0
035 _a(NLR Aleph) 006742586
090 _a5660221
_c5660221
100 _a20110914d1928 |||y0rusy50 ca
101 0 _arus
102 _aRU
105 _ay z |||||
200 1 _aНаселение Самарской губернии по данным Всесоюзной переписи 17 декабря 1926 г.
_fСтат. отд. Самарск. губ. исп. к-та
210 _a[Самара]
_cСамарск. губстат. отд.
_d1928
_gтип. № 2 "Красный октябрь" "Самполиграфтреста"
215 _a91 с., [1] с. "Оглавление" на обл.
_d26х18 см.
710 0 2 _aСамарский губернский статистический отдел
_3RU\NLR\AUTH\8810061529
_9624530
801 0 _aRU
_bNLR
_gpsbo
801 1 _aRU
_bELAR
_2rusmarc
852 _aNLR
_j97/963
942 _cBOOK
980 _aNB